000 00418cam a2200169ua 4500
020 _c2.00
041 _amal
_h
082 _a928.94812
_bSAS/WI
100 _aSasidharan, K P .
245 _aWilliam Shakespeare /
_cK P Sasidharan.
_hTextual Documents
260 _aThrissur :
_bThe Mangalodayam Pvt Ltd ,
_c1963.
300 _a142 ; .
365 _a2.00
504 _a
942 _cBK
999 _c4519
_d4519